[Event "Sochi ChessAmateur op"]
[Site "Sochi"]
[Date "2018.04.07"]
[Round "9"]
[White "Sharafutdinov, Ayrat"]
[Black "Baraeva, Marina"]
[Result "0-1"]
[WhiteElo "2146"]
[BlackElo "2239"]
[PlyCount "94"]
[EventDate "2018.04.01"]
[EventType "swiss"]
[EventRounds "9"]
[EventCountry "RUS"]
[SourceTitle "CBM 184 Extra"]
[Source "ChessBase"]
[SourceDate "2018.06.28"]
[SourceVersion "1"]
[SourceVersionDate "2018.06.28"]
[SourceQuality "1"]

1. Nf3 d5 2. d4 Nf6 3. g3 c6 4. Bg2 Bf5 5. 0-0 h6 6. c4 e6 7. Nc3 Be7 8. Qb3 Qb6 9. c5 Qxb3 10. axb3 Na6 11. Nd2 0-0 12. Ra4 Bc2 13. Nd1 Nc7 14. Ne3 Bh7 15. b4 Nb5 16. Nb3 Nd7 17. Bd2 e5 18. Bc3 Bg5 19. f4 exf4 20. gxf4 Bf6 21. Bh3 Rfd8 22. Bf5 Re8 23. Bxh7+ Kxh7 24. Ng4 Rxe2 25. Ne5 Bxe5 26. dxe5 Re3 27. Na5 Rb8 28. Bd2 Rd3 29. Be1 Nd4 30. Bg3 b6 31. cxb6 axb6 32. Nxc6 Nxc6 33. Rc1 Rc8 34. b5 Ne7 35. Rxc8 Nxc8 36. Ra8 Rd1+ 37. Kg2 Rc1 38. f5 Kg8 39. e6 fxe6 40. fxe6 Nf8 41. Be5 Rc4 42. e7 Nxe7 43. Ra7 Nfg6 44. Bd6 Nf5 45. Bc7 Rc2+ 46. Kf3 Rd2 47. Kg4 Nfe7 0-1

[Event "Khanty-Mansiysk Governor Cup-B 8th"]
[Site "Khanty-Mansiysk"]
[Date "2012.11.20"]
[Round "6"]
[White "Sharafutdinov, Ayrat"]
[Black "Gordeev, Sergey"]
[Result "1/2-1/2"]
[WhiteElo "2108"]
[BlackElo "2043"]
[PlyCount "126"]
[EventDate "2012.11.15"]
[EventType "swiss"]
[EventRounds "9"]
[EventCountry "RUS"]
[SourceTitle "CBM 151 Extra"]
[Source "ChessBase"]
[SourceDate "2012.12.18"]
[SourceVersion "1"]
[SourceVersionDate "2012.12.18"]
[SourceQuality "1"]

1. Nf3 f5 2. d4 Nf6 3. g3 g6 4. Bg2 Bg7 5. 0-0 0-0 6. c4 d6 7. Nc3 Nc6 8. d5 Ne5 9. Nxe5 dxe5 10. e4 f4 11. gxf4 exf4 12. e5 Ng4 13. e6 Ne5 14. Re1 f3 15. Bf1 b6 16. Re4 g5 17. Qe1 Rf5 18. Bh3 Qf8 19. Qe3 h6 20. Nb5 c6 21. Nc7 cxd5 22. Nxd5 Nxc4 23. Qd3 Ne5 24. Qa3 Nc6 25. Nc7 Bb7 26. Nxa8 Bxa8 27. Be3 Na5 28. Rg4 Rb5 29. Rd1 Bxb2 30. Qd3 Rd5 31. Rd4 Bxd4 32. Bxd4 Qg7 33. Qxf3 g4 34. Bxg4 Rxd4 35. Qxa8+ Kh7 36. Rxd4 Qxd4 37. Bf5+ Kg7 38. Qg2+ Kf8 39. Qf3 Qa1+ 40. Bb1+ Qf6 41. Qxf6+ exf6 42. f4 Nc4 43. Kf2 b5 44. Bd3 Nd6 45. Ke3 Ke7 46. f5 a6 47. Kd4 Kd8 48. Kc5 Kc7 49. Kd5 Ne8 50. h4 Nd6 51. Bc2 Nc4 52. Kc5 Ne3 53. Be4 Kd8 54. Kb6 Nd1 55. Kxa6 Nc3 56. Bc6 b4 57. Ka5 Nxa2 58. Ka4 Ke7 59. Kb3 Nc3 60. Kxb4 Ne2 61. Be4 Nd4 62. Kc4 Nxe6 63. fxe6 Kxe6 1/2-1/2

[Event "Khanty-Mansiysk Governor Cup-B 8th"]
[Site "Khanty-Mansiysk"]
[Date "2012.11.17"]
[Round "3"]
[White "Gutenev, Alexander"]
[Black "Sharafutdinov, Ayrat"]
[Result "1/2-1/2"]
[WhiteElo "2341"]
[BlackElo "2108"]
[PlyCount "56"]
[EventDate "2012.11.15"]
[EventType "swiss"]
[EventRounds "9"]
[EventCountry "RUS"]
[SourceTitle "CBM 151 Extra"]
[Source "ChessBase"]
[SourceDate "2012.12.18"]
[SourceVersion "1"]
[SourceVersionDate "2012.12.18"]
[SourceQuality "1"]

1. e4 c5 2. Nf3 d6 3. d4 cxd4 4. Nxd4 Nf6 5. Nc3 g6 6. Be3 Bg7 7. f3 Nc6 8. Qd2 0-0 9. 0-0-0 Be6 10. Kb1 Rc8 11. g4 Qa5 12. Nxe6 fxe6 13. Bc4 Nd8 14. Be2 Nd7 15. Bd4 Ne5 16. f4 Nc4 17. Bxc4 Rxc4 18. Bxg7 Kxg7 19. h4 Nf7 20. g5 b5 21. Qd3 Rfc8 22. h5 Rxc3 23. bxc3 Rxc3 24. Qd4+ e5 25. Qd5 Qb4+ 26. Kc1 Qa3+ 27. Kb1 Qb4+ 28. Kc1 Qa3+ 1/2-1/2

[Event "Yugra Region-ch"]
[Site "Khanty-Mansiysk"]
[Date "2011.01.17"]
[Round "4"]
[White "Sharafutdinov, Ayrat"]
[Black "Kirillov, Igor2222"]
[Result "1-0"]
[WhiteElo "2122"]
[BlackElo "2161"]
[PlyCount "61"]
[EventDate "2011.01.15"]
[EventType "swiss"]
[EventRounds "7"]
[EventCountry "RUS"]
[SourceTitle "EXT 2012"]
[Source "ChessBase"]
[SourceDate "2011.11.24"]
[SourceVersion "1"]
[SourceVersionDate "2011.11.24"]
[SourceQuality "1"]

1. d4 c5 2. Nf3 cxd4 3. Nxd4 g6 4. c4 Bg7 5. Nc3 Nc6 6. Nc2 Nf6 7. g3 0-0 8. Bg2 Ne5 9. b3 Nfg4 10. 0-0 Nxc4 11. bxc4 Bxc3 12. Rb1 Rb8 13. h3 Ne5 14. Rb3 Ba5 15. Bh6 Re8 16. Qd4 f6 17. Qxa7 Bc7 18. Be3 Nc6 19. Qa3 b6 20. Rfb1 Na5 21. Rb5 Ba6 22. R5b4 Bd6 23. c5 bxc5 24. Rxb8 Bxb8 25. Bxc5 Bc7 26. Nb4 Bxe2 27. Nd5 Nc6 28. Rb7 Ba5 29. Qb3 e6 30. Nf4 Qc8 31. Nxe2 1-0

[Event "Khanty-Mansiysk Governor Cup-B 5th"]
[Site "Khanty-Mansiysk"]
[Date "2009.11.30"]
[Round "7"]
[White "Tatekhin, Vyacheslav"]
[Black "Sharafutdinov, Ayrat"]
[Result "1-0"]
[WhiteElo "2000"]
[BlackElo "2143"]
[PlyCount "109"]
[EventDate "2009.11.24"]
[EventType "swiss"]
[EventRounds "11"]
[EventCountry "RUS"]
[SourceTitle "EXT 2011"]
[Source "ChessBase"]
[SourceDate "2010.11.26"]
[SourceVersion "1"]
[SourceVersionDate "2010.11.26"]
[SourceQuality "1"]

1. e4 c5 2. Nf3 g6 3. d4 Bg7 4. c3 Qa5 5. Nbd2 cxd4 6. Nb3 Qd8 7. cxd4 d6 8. Bb5+ Nd7 9. 0-0 a6 10. Bd3 Nh6 11. Bd2 f6 12. Bc4 Nf7 13. Rc1 0-0 14. Re1 Qe8 15. Qe2 Kh8 16. Bd3 Nb8 17. Na5 Nc6 18. Nxc6 bxc6 19. Bc3 e5 20. h3 a5 21. Rcd1 Be6 22. Bc4 Qe7 23. d5 cxd5 24. Bxd5 Bxd5 25. Rxd5 f5 26. Bxa5 fxe4 27. Qxe4 Qb7 28. Bc3 Qb6 29. a3 Qb3 30. Rdd1 Bh6 31. Qd5 Qc2 32. Qd3 Qa4 33. Re4 Qa7 34. Rh4 Kg8 35. Qd5 Bf4 36. Rg4 Rac8 37. g3 Bh6 38. Rb4 Qd7 39. Nxe5 Qa7 40. Rb7 Qxb7 41. Qxb7 dxe5 42. Rd7 Rb8 43. Qd5 Rbd8 44. Kg2 Bg7 45. a4 Rxd7 46. Qxd7 Rd8 47. Qe6 Rd6 48. Qc4 Bf8 49. Bxe5 Rd1 50. Bc3 Bd6 51. a5 Kf8 52. a6 Ra1 53. Qc8+ Ke7 54. Qb7+ Ke6 55. a7 1-0

[Event "Khanty-Mansiysk Governor Cup-B 5th"]
[Site "Khanty-Mansiysk"]
[Date "2009.11.28"]
[Round "5"]
[White "Artamonov, Valery"]
[Black "Sharafutdinov, Ayrat"]
[Result "0-1"]
[WhiteElo "2289"]
[BlackElo "2143"]
[PlyCount "94"]
[EventDate "2009.11.24"]
[EventType "swiss"]
[EventRounds "11"]
[EventCountry "RUS"]
[SourceTitle "EXT 2011"]
[Source "ChessBase"]
[SourceDate "2010.11.26"]
[SourceVersion "1"]
[SourceVersionDate "2010.11.26"]
[SourceQuality "1"]

1. c4 Nf6 2. Nc3 c5 3. Nf3 g6 4. e3 Bg7 5. d4 0-0 6. Be2 cxd4 7. exd4 d5 8. h3 Nc6 9. 0-0 Bf5 10. Re1 Rc8 11. Nh4 dxc4 12. Nxf5 gxf5 13. d5 Nb4 14. Bf3 Qd7 15. Be3 Nd3 16. Re2 b5 17. a3 f4 18. Bd4 Rce8 19. Qd2 e5 20. dxe6 fxe6 21. Bxf6 Bxf6 22. Rd1 Bd4 23. Be4 Rd8 24. Kf1 Kh8 25. Bxd3 Be3 26. Rxe3 fxe3 27. Qxe3 cxd3 28. Qe5+ Qg7 29. Qxb5 Qd4 30. f3 e5 31. Qb4 Rb8 32. Qe7 Rbe8 33. Qb4 Qxb4 34. axb4 e4 35. Kf2 e3+ 36. Ke1 Rd8 37. Ra1 Rf4 38. Ne4 Rxe4 39. fxe4 Rd4 40. e5 Kg8 41. b5 Kf8 42. e6 Ke8 43. g4 h6 44. b3 Kd8 45. Kd1 Rf4 46. Ke1 Rf2 47. e7+ Ke8 0-1

[Event "Khanty-Mansiysk Governor Cup-B 4th"]
[Site "Khanty-Mansiysk"]
[Date "2008.10.22"]
[Round "10"]
[White "Shcherbin, Matvei"]
[Black "Sharafutdinov, Ayrat"]
[Result "1-0"]
[WhiteElo "2233"]
[BlackElo "2149"]
[PlyCount "67"]
[EventDate "2008.10.15"]
[EventType "swiss"]
[EventRounds "11"]
[EventCountry "RUS"]
[SourceTitle "EXT 2022"]
[Source "ChessBase"]
[SourceDate "2021.10.06"]
[SourceVersion "1"]
[SourceVersionDate "2021.10.06"]
[SourceQuality "1"]

1. e4 c5 2. Nf3 g6 3. c3 Bg7 4. d4 Qa5 5. Na3 cxd4 6. Nc4 Qd8 7. cxd4 Nh6 8. Ne3 0-0 9. Bc4 b5 10. Bd5 Nc6 11. g4 Kh8 12. g5 Ng8 13. h4 h5 14. gxh6 Nxh6 15. h5 g5 16. Nxg5 e6 17. Bxc6 dxc6 18. Nf3 Bb7 19. Rg1 c5 20. Ng4 Nxg4 21. Rxg4 f5 22. Rg6 Bxe4 23. Bh6 Rg8 24. Ng5 Qd7 25. dxc5 Bd5 26. Bxg7+ Rxg7 27. Qd4 e5 28. Rxg7 Kxg7 29. Qxe5+ Kh6 30. 0-0-0 Rd8 31. Qf6+ Kxh5 32. Nh3 Rg8 33. Nf4+ Kg4 34. Nxd5 1-0

[Event "Khanty-Mansiysk HMAO-ch"]
[Site "Khanty-Mansiysk"]
[Date "2008.01.29"]
[Round "8"]
[White "Sharafutdinov, Ayrat"]
[Black "Kuznetsova, Tatiana"]
[Result "1/2-1/2"]
[WhiteElo "2149"]
[BlackElo "2051"]
[PlyCount "63"]
[EventDate "2008.01.25"]
[EventType "swiss"]
[EventRounds "9"]
[EventCountry "RUS"]
[SourceTitle "EXT 2009"]
[Source "ChessBase"]
[SourceDate "2008.11.26"]
[SourceVersion "1"]
[SourceVersionDate "2008.11.26"]
[SourceQuality "1"]

1. d4 d5 2. g3 c5 3. Nf3 Nc6 4. Bg2 Bf5 5. 0-0 e6 6. c4 Nf6 7. Nc3 dxc4 8. Qa4 Be7 9. Ne5 0-0 10. Nxc6 bxc6 11. dxc5 Bxc5 12. Qxc4 Qd4 13. Qa4 Rfd8 14. Bg5 Rab8 15. e4 Bg6 16. Qxc6 Rdc8 17. Qa6 Ng4 18. Qe2 Nxf2 19. Rxf2 Qxf2+ 20. Qxf2 Bxf2+ 21. Kxf2 Rxb2+ 22. Ne2 Rcc2 23. Re1 Bh5 24. Bf1 Rxa2 25. h3 f5 26. Be7 Kf7 27. Bd6 Rab2 28. Be5 Rb5 29. Bd4 Rb3 30. exf5 exf5 31. Bg2 Rd3 32. Be3 1/2-1/2

[Event "Khanty-Mansiysk Governor Cup"]
[Site "Khanty-Mansiysk"]
[Date "2007.11.25"]
[Round "5"]
[White "Sharafutdinov, Ayrat"]
[Black "Chigaeva, Anastasia"]
[Result "1-0"]
[WhiteElo "2115"]
[BlackElo "1805"]
[PlyCount "85"]
[EventDate "2007.11.21"]
[EventType "swiss"]
[EventRounds "9"]
[EventCountry "RUS"]
[SourceTitle "CBM 121 Extra"]
[Source "ChessBase"]
[SourceDate "2008.01.10"]
[SourceVersion "1"]
[SourceVersionDate "2008.01.10"]
[SourceQuality "1"]

1. Nf3 Nf6 2. g3 g6 3. Bg2 Bg7 4. 0-0 0-0 5. c4 d6 6. Nc3 e5 7. d4 Nbd7 8. h3 a5 9. e4 exd4 10. Nxd4 Nc5 11. Be3 Re8 12. Qc2 Bd7 13. Rad1 Qc8 14. Kh2 Be6 15. b3 Re7 16. Nxe6 Qxe6 17. Nd5 Rd7 18. Bd4 Re8 19. e5 Nxd5 20. Bxd5 Qe7 21. exd6 cxd6 22. Rfe1 Qd8 23. Rxe8+ Qxe8 24. Bxg7 Kxg7 25. Qc3+ Qe5 26. Qxa5 Qe2 27. Qd2 Re7 28. Kg2 b6 29. Bf3 Qxd2 30. Rxd2 Ra7 31. b4 Na6 32. a3 Rd7 33. Bc6 Rd8 34. Bb7 Nc7 35. c5 bxc5 36. bxc5 d5 37. a4 d4 38. a5 Kf6 39. a6 Ke5 40. Re2+ Kf5 41. Re7 Na8 42. c6 d3 43. Rd7 1-0

[Event "Khanty-Mansiysk Governor Cup"]
[Site "Khanty-Mansiysk"]
[Date "2007.11.22"]
[Round "2"]
[White "Tolstikh, Nikolay"]
[Black "Sharafutdinov, Ayrat"]
[Result "1/2-1/2"]
[WhiteElo "2398"]
[BlackElo "2115"]
[PlyCount "120"]
[EventDate "2007.11.21"]
[EventType "swiss"]
[EventRounds "9"]
[EventCountry "RUS"]
[SourceTitle "CBM 121 Extra"]
[Source "ChessBase"]
[SourceDate "2008.01.10"]
[SourceVersion "1"]
[SourceVersionDate "2008.01.10"]
[SourceQuality "1"]

1. Nf3 Nf6 2. c4 c5 3. Nc3 g6 4. d4 cxd4 5. Nxd4 Bg7 6. e4 d6 7. Be2 Nc6 8. Be3 0-0 9. 0-0 Nd7 10. Qd2 Nc5 11. Rad1 Bd7 12. f4 Qc8 13. Nxc6 Bxc6 14. Bd4 e5 15. fxe5 Ne6 16. Be3 dxe5 17. Bg4 Qd8 18. Bxe6 fxe6 19. Qxd8 Rfxd8 20. Rxd8+ Rxd8 21. Bxa7 Bh6 22. Rd1 Rxd1+ 23. Nxd1 Bxe4 24. Be3 Bg7 25. Kf2 Bc2 26. Ke1 e4 27. b4 h5 28. Kd2 Bd3 29. c5 h4 30. a4 Be5 31. Bg5 Bxh2 32. Bxh4 Bf4+ 33. Ne3 Kf7 34. Bf2 Ke8 35. b5 Kd7 36. Kc3 g5 37. Ng4 Kc8 38. g3 Bc7 39. Kd4 Ba5 40. Ne3 Bd2 41. Ke5 Kd7 42. Kf6 Bb4 43. Ng4 Bc2 44. Ne5+ Kc8 45. Nc4 Bb3 46. Nd6+ Kd7 47. Nxe4 Bxa4 48. Nxg5 Bc3+ 49. Kf7 Bxb5 50. Ne4 Bb2 51. g4 Bc4 52. g5 e5+ 53. Kf6 Bd5 54. Kf5 Ke7 55. Nf6 Bb3 56. Ne4 Bc2 57. g6 Bb3 58. Bh4+ Kd7 59. g7 Kc6 60. Bf6 Bd4 1/2-1/2